000 01635cam a2200241 a 4500
003 OSt
005 20240530110421.0
008 061127s2007 ctuab b 001 0 eng
020 _a9780300110159
040 _aEG-CaGPL
_cEG-CaGPL
043 _aa-iq---
_an-us---
082 0 0 _221
_a956.7044\
_bA O
100 0 _aAli A. Allawi
_d1947-
245 1 4 _aThe occupation of Iraq :
_bwinning the war, losing the peace /
_cAli A. Allawi.
260 _aNew Haven [Conn.] :
_bYale University Press,
_cc2007.
300 _axxiv, 518 p. :
_bill., maps ;
_c25 cm.
504 _aIncludes bibliographical references and index.
505 0 _aThe great divides -- The rise of the opposition -- The build-up to war -- The invasion -- Occupation authorities -- A collapsed state : a ruined economy : a damaged society -- Deepening rifts in a brittle society -- Dismantling the Ba'athist state -- The formation of the governing council and the rise of the insurgency -- The shadow of real power -- The enigma of Ayatollah Sistani -- A constitution in waiting -- The fires of sectarian hatreds -- A Marshall Plan for Iraq? -- April 2004 : the turning point -- The interim Iraqi government -- Arabs and Persians -- Showdown at the shrine -- To hold or abort an election -- Corruption and the Potemkin state -- Iraqi society on the eve of free elections -- The vote -- Negotiating a constitution -- Crises and the Jaafari government -- Into uncharted waters.
650 0 _aIraq War, 2003-2011.
651 0 _aIraq
_xPolitics and government
_y2003-
856 4 1 _3Table of contents only
_uhttp://www.loc.gov/catdir/toc/ecip075/2006039445.html
942 _2ddc
_cBK
999 _c60650
_d60650